000 01844nam a2200505 i 4500
001 2774
003 KOSZ 005
005 20200117100707.0
008 981103s1985 pl a f f |000 0 pol
015 _aPB 1986/8149
035 _a991007805699705066
035 _a(PL-WaBN)b12021726-48omnis_nlop
035 _ab12021726
035 _a(OCoLC)749888865
035 _a(PL)b0000001202172
035 _a(EXLNZ-48OMNIS_NETWORK)9910175778405606
040 _aWA N
_cWA N
_dKOSZ 005/HR
041 0 _apol
046 _k1985
080 _a624.014.2
080 _a(075.8)
245 0 0 _aKonstrukcje stalowe :
_bwytyczne obliczania i projektowania, tablice : praca zbiorowa /
_cpod kier. Szymona Pałkowskiego ; [oprac. S. Pałkowski et al.].
260 _aKoszalin :
_bWydaw. Uczelniane WSI,
_c1985.
300 _a243 s. :
_brys., wykr. ;
_c30 cm.
336 _2rdacontent
_aTekst
_btxt
337 _2rdamedia
_aBez urzązenia pośredniczącego
_bn
338 _2rdacarrier
_aWolumin
_bnc
380 _aKsiążki
380 _aPublikacje dydaktyczne
385 _mPoziom nauczania
_aSzkoły wyższe
388 _a1901-2000
388 _a1945-1989
490 1 _aSkrypty / Wyższa Szkoła Inżynierska w Koszalinie
504 _aBibliogr. s. 242, wykaz norm s. 243.
650 7 _aKonstrukcje stalowe
_2DBN
650 7 _aProjektowanie
655 7 _aPodręczniki akademickie
_2DBN
658 _aArchitektura i budownictwo
700 1 _aPałkowski, Szymon
_d(1943- )
_eRedakcja
710 2 _aWydawnictwo Uczelniane (Wyższa Szkoła Inżynierska ; Koszalin)
_4pbl
830 0 _aSkrypty - Wyższa Szkoła Inżynierska w Koszalinie
856 _uhttp://koha.tu.koszalin.pl/cgi-bin/koha/opac-detail.pl?biblionumber=2774
_yKatalog online BPK
942 _2UKD
_cKS
999 _c2774
_d2774